Metallic stearates: A review of their function and use as release agents for rubber compounds (Record no. 62841)

MARC details
000 -LEADER
fixed length control field 00393nam a2200121Ia 4500
100 ## - MAIN ENTRY--AUTHOR NAME
Personal name ORourke Stephen E
245 #0 - TITLE STATEMENT
Title Metallic stearates: A review of their function and use as release agents for rubber compounds
260 ## - PUBLICATION, DISTRIBUTION, ETC. (IMPRINT)
Name of publisher Progress in Rubber and Plastics Technology
Year of publication 1999
300 ## - PHYSICAL DESCRIPTION
Number of Pages 238-247
700 ## - ADDED ENTRY--PERSONAL NAME
Personal name Morris Richard H
942 ## - ADDED ENTRY ELEMENTS (KOHA)
Koha item type Journals
Holdings
Withdrawn status Lost status Damaged status Not for loan Home library Current library Shelving location Date acquired Serial Enumeration / chronology Koha item type
      Journals RRII Library RRII Library Rubber chemistry 17/12/2021 Volume 14, Issue 4 Journals